| 000 | 00707nam a2200253Ia 4500 | ||
|---|---|---|---|
| 003 | OSt | ||
| 005 | 20220924114849.0 | ||
| 006 | a|||||r|||| 00| 0 | ||
| 007 | ta | ||
| 008 | 220923b |||||||| |||| 00| 0 ara d | ||
| 020 | _c30.00 | ||
| 024 | _a338459 | ||
| 037 | _cTextual | ||
| 040 |
_aARTS _cARTS _bara |
||
| 041 |
_2ara _aara |
||
| 082 | _aO28,3NJA,135, P6 | ||
| 100 |
_aAl-sahhaar Abdul Hameed J. Au. _9175790 |
||
| 245 | 0 | _azikriyat-e-sinemaiyah | |
| 260 |
_aCairo _bMaktaba-e-Misr Egypt _c2006 |
||
| 300 |
_a176p. _ccm. |
||
| 650 |
_aARABIC FICTION _964594 |
||
| 942 |
_hO28,3NJA,135, P6 _cTEXL _2CC |
||
| 999 |
_c395692 _d395692 |
||